Central Library OPAC University of Rajshahi

বাণিজিক গণিত / (Record no. 47571)

MARC details
000 -LEADER
fixed length control field 00832nam a2200229 a 4500
001 - CONTROL NUMBER
control field 47571
003 - CONTROL NUMBER IDENTIFIER
rucl marc code BD-RjUL
005 - DATE AND TIME OF LATEST TRANSACTION
control field 20211209054339.0
008 - FIXED-LENGTH DATA ELEMENTS--GENERAL INFORMATION
fixed length control field 160809r19931988b ||||| |||| 00| 0 eng d
020 ## - INTERNATIONAL STANDARD BOOK NUMBER
International Standard Book Number 9840726935
Terms of availability : Tk.120.00
035 ## - SYSTEM CONTROL NUMBER
System control number (BD-RjUL)47690
040 ## - CATALOGING SOURCE
Original cataloging agency BD-RjUL
Language of cataloging ben
Transcribing agency BD-RjUL
041 ## - LANGUAGE CODE
Language code of text/sound track or separate title ben
082 ## - DEWEY DECIMAL CLASSIFICATION NUMBER
Edition number 23
Classification number 513.93
Author mark and year RHB 1993
100 1# - MAIN ENTRY--PERSONAL NAME
Personal name রাহামান, এস.এম.মাহাফুজফুর
9 (RLIN) 144595
245 10 - TITLE STATEMENT
Title বাণিজিক গণিত /
Statement of responsibility, etc. রাহামান, এস.এম.মাহাফুজফুর
260 ## - PUBLICATION, DISTRIBUTION, ETC. (IMPRINT)
Place of publication, distribution, etc. ঢাকা :
Name of publisher, distributor, etc. বাংলা একাডেমী ,
Date of publication, distribution, etc. ১৯৯৩.
300 ## - PHYSICAL DESCRIPTION
Pagination [৬], ৩৪০পৃ
Size ২১ সেমি
650 ## - SUBJECT ADDED ENTRY--TOPICAL TERM
Topical term or geographic name as entry element বাণিজিক গণিত
9 (RLIN) 144597
Topical term or geographic name as entry element Business Mathematics
9 (RLIN) 144596
942 ## - ADDED ENTRY ELEMENTS (KOHA)
Source of classification or shelving scheme Dewey Decimal Classification
Koha item type Books
Holdings
Lost status Source of classification or shelving scheme Damaged status Not for loan Collection code Permanent Location Current Location Shelving location Date acquired Source of acquisition Cost, normal purchase price Total Checkouts Full call number Date last seen Date checked out Copy number Koha item type
  Dewey Decimal Classification     Non-fiction Central Library, University of Rajshahi Central Library, University of Rajshahi   31/07/2012 Bangla Academy, Dhaka 120.00 2 B 513.93 RHB 1993 21/07/2019 03/07/2019 C-2 Books
  Dewey Decimal Classification     Non-fiction Central Library, University of Rajshahi Central Library, University of Rajshahi   31/07/2012 Bangla Academy, Dhaka 120.00   B 513.93 RHB 1993 24/11/2016   C-3 Books